| 000 | 00507cam a22002171 4500 | ||
|---|---|---|---|
| 001 | sa 65008720 | ||
| 003 | DLC | ||
| 005 | 20260227112157.0 | ||
| 008 | 891227s1965 ii 000 1 hino | ||
| 010 | _asa 65008720 | ||
| 035 | _a(OCoLC)20822000 | ||
| 040 |
_aDLC _cWaU _dDLC |
||
| 042 | _apremarc | ||
| 050 | 0 | 0 |
_aPK2098.S49 _bD4 |
| 100 | 1 |
_aSharma, Shri Ram, _d1909- |
|
| 245 | 1 | 0 | _aDhūpa aura bādala. |
| 260 | _c[1965] | ||
| 300 |
_a214 p. _c19 cm. |
||
| 500 | _aIn Hindi. | ||
| 500 | _aA novel. | ||
| 999 |
_c65816 _d65816 |
||